000 00268nam a22000977a 4500
008 240404b |||||||| |||| 00| 0 eng d
020 _a9789390166268
100 _aHousel Morgan
_97760
245 _aThe Psychology of Money
260 _aMumbai
_bJaico Publishing House
_c2021
999 _c12558
_d12558